书目信息 |
| 题名: |
建筑力学题解·上册
|
|
| 作者: | 沈养中 主编 | |
| 分册: | ||
| 出版信息: | 北京 科学出版社 2002.10 |
|
| 页数: | 174页 | |
| 开本: | 26cm | |
| 丛书名: | ||
| 单 册: | ||
| 中图分类: | TU , TU311-44 | |
| 科图分类: | ||
| 主题词: | 建筑结构--理论 , 建筑结构--结构计算 | |
| 电子资源: | ||
| ISBN: | 7-03-010234-7 | |
| 000 | 00633nam0 2200217 45 | |
| 001 | 0237303747 | |
| 005 | 20120408134132.95 | |
| 010 | @a7-03-010234-7@dRMB 20.00 | |
| 100 | @a20020627d2002 km y0chiy0120 ea | |
| 101 | 0 | @achi |
| 102 | @aCN@b110000 | |
| 200 | 1 | @a建筑力学题解·上册@Ajian zhu li xue ti jie·shang ce@f沈养中主编@Fshen yang zhong zhu bian |
| 210 | @a北京@c科学出版社@d2002.10 | |
| 215 | @a174页@d26cm | |
| 606 | 0 | @a建筑结构@x理论 |
| 606 | 0 | @a建筑结构@x结构计算 |
| 690 | @aTU@v3 | |
| 690 | @aTU311-44@v4 | |
| 701 | 0 | @a沈养中@Ashen yang zhong@4主编 |
| 801 | 0 | @aCN@bPFT@c20020627 |
| 905 | @a10447@dTU311-44@eS420:1 | |
| 建筑力学题解·上册/沈养中主编.-北京:科学出版社,2002.10 |
| 174页;26cm |
| ISBN 7-03-010234-7:RMB 20.00 |
| ● |
| 相关链接 |
|
|
|
正题名:建筑力学题解·上册
索取号:TU311-44/S420:1
 
预约/预借
| 序号 | 登录号 | 条形码 | 馆藏地/架位号 | 状态 | 备注 |
| 1 | 369139 | 203691399 | 自科二线404/404自科库 28排2列3层/ [索取号:TU311-44/S420:1] | 在馆 | |
| 2 | 369140 | 203691406 | 建筑库101/101建筑库 78排3列2层/ [索取号:TU311-44/S420:1] | 在馆 | |
| 3 | 485527 | 204855273 | 土木与交通工程学院资料室/ [索取号:TU311-44/S420:1] | 在馆 |